Biblioteca

La generación desconectada : (Registro nro. 71450)

Detalles MARC
000 -LÍDER
Campo fijo de descripción fija 01336nam a2200373 i 4500
001 - NÚMERO DE CONTROL
Campo de control 768714001
003 - IDENTIFICADOR DEL NÚMERO DE CONTROL
Campo de control CO-MdFUSB
005 - FECHA Y HORA DE LA ULTIMA TRANSACCIÓN
control field 20260326104846.0
007 - CAMPO FIJO DE DESCRIPCIÓN FIJA--INFORMACIÓN GENERAL
Campo fijo de descripción fija ta
008 - ELEMENTOS DE LONGITUD FIJA -- INFORMACIÓN GENERAL
Campo fijo de descripción fija -- Información general 250923t2002 -us |||g |||| 00| 0 spa d
020 ## - NÚMERO INTERNACIONAL NORMALIZADO PARA LIBROS
Número Internacional Normalizado del libro 9780-311-46300-8
040 ## - FUENTE DE CATALOGACIÓN
Agencia de catalogación original CO-MdFUSB
Idioma de catalogación spa
Agencia que realiza la transcripción CO-MdFUSB
Agencia que realiza la modificación CO-MdFUSBC
Convenciones de la descripción rda
041 ## - CÓDIGO DE IDIOMA
Código de idioma para texto/pista de sonido o título separado spa
Código de idioma original eng
082 ## - NÚMERO DE CLASIFICACIÓN DECIMAL DEWEY
Número de la edición del Dewey 23
Número de clasificación 248.83
Clave de autor-Numero de item M135
100 ## - ASIENTO PRINCIPAL--NOMBRE PERSONAL
Nombre personal McDowell, Josh,
Término relacionador autor
240 ## - TITULO UNIFORME
Título uniforme <a href="The disconnected generation.">The disconnected generation.</a>
245 ## - TÍTULO
Título del Material La generación desconectada :
Parte restante del título - Subtitulo cómo salvar a nuestra juventud de la autodestrucción
Mención de responsabilidad, etc. / Josh McDowell , Ed Stewart ; traducido por Arnoldo Canclini
250 ## - MENCIÓN DE EDICIÓN
Mención de edición primera edición
264 #1 - PRODUCCIÓN, PUBLICACIÓN, DISTRIBUCIÓN, MANUFACTURA, Y COPYRIGHT
Lugar de producción, publicación, distribución, manufactura El Paso, Texas, Estados Unidos :
Nombre del productor, publicador, distribuidor Mundo Hispano,
Fecha de producción, publicación, distribución, manufactura, o copyright [2002]
264 #4 - PRODUCCIÓN, PUBLICACIÓN, DISTRIBUCIÓN, MANUFACTURA, Y COPYRIGHT
Fecha de producción, publicación, distribución, manufactura, o copyright ©2002
300 ## - DESCRIPCIÓN FÍSICA
Extensión 288 páginas
Dimensiones ; 21 cm
336 ## - TIPO DE CONTENIDO
Fuente rdacontent
Término de tipo de contenido texto
Código de tipo de contenido txt
337 ## - TIPO DE MEDIO
Fuente rdamedia
Nombre del tipo de medio sin mediación
Código del tipo de medio n
338 ## - TIPO DE SOPORTE
Fuente rdacarrier
Nombre del tipo de soporte volumen
Código Tipo de soporte nc
505 ## - NOTA DE CONTENIDO
Información miscelánea La desconexión generacional. -- Hacer la conexión. -- Conexión en su propio mundo. -- La conexión de fe.
563 ## - NOTA DE ENCUADERNACIÓN
Nota de encuadernación Rústico
650 #0 - ASIENTO SECUNDARIO DE MATERIA - TERMINO TEMÁTICO
Término temático o nombre geográfico como elemento de entrada Vida cristiana
9 (RLIN) 19
653 ## - TÉRMINO DE INDIZACIÓN - NO CONTROLADO
Término no controlado Juventud --
-- Relaciones --
-- Familia --
-- Conexión
700 ## - ASIENTO SECUNDARIO - NOMBRE PERSONAL
Nombre personal Stewart, Ed,
Responsabilidad autor
9 (RLIN) 12241
700 ## - ASIENTO SECUNDARIO - NOMBRE PERSONAL
Nombre personal Canclini, Arnoldo,
9 (RLIN) 6055
Responsabilidad traductor
942 ## - TIPO DE MATERIAL (KOHA)
Tipo de Item KOHA Libros General
945 ## - INFORMACIÓN LOCAL DEL REGISTRO
Catalogador Estudiante Juan Eusse
Existencias
Estado de Material Estado de Perdido Forma de Clasificación Estado de Dañado No para Préstamo Colección Biblioteca de Origen Biblioteca Permanente Fecha de Adquisición Área Total de Préstamos Signatura Topográfica Código de Barras Última vez visto Ejemplar/Existencia Fecha de Remplazo Tipo de Material
    Dewey Decimal Classification     Colección General Biblioteca FUSBC Biblioteca FUSBC 23/09/2025 VIDA CRISTIANA   G 248.83 M135g 25787 23/09/2025 Ej. 1 23/09/2025 Libros General

Biblioteca FUSBC | Teléfono: (57+4) 349 88 10 Ext. 141| WhatsApp (+57) 3005338115 
E-mail: biblioteca@unisbc.edu.co | Calle 76 87-14 Robledo Palenque, Medellín, Colombia

Con tecnología Koha